Dinosaur or not? - Sudden Death - Statistics

General Stats
  • This quiz has been taken 4 times
  • The average score is 2 of 16
Answers on the Grid
Answers color-coded by a green-red scale on the quiz's grid according to % correct below.
Parasaurus
Cryptoclidus
Cryptarcus
Kaprosuchus
Compsosuchus
Parvicursor
Saltopus
Microraptor
Gracilisuchus
Edaphosaurus
Lessemsaurus
Kol
Huehuecanaughtlus
Leptostyrax
Tyrannosorus
Acanthopholis
Platycarpus
Xenotarsosaurus
Tantakacephalus
Poposaurus
Phytosaurus
Basilosaurus
American robin
Altirhinus
Marasuchus
Gremlin
Opisthocoelicaudia
Eocursor
Silesaurus
Styxosaurus
Zanabazar
Quinkana
 
Answer Stats
Answer % Correct
Microraptor
100%
Compsosuchus
25%
Cryptarcus
25%
Parvicursor
25%
Acanthopholis
0%
Altirhinus
0%
American robin
0%
Eocursor
0%
Gremlin
0%
Huehuecanaughtlus
0%
Kol
0%
Lessemsaurus
0%
Opisthocoelicaudia
0%
Tantakacephalus
0%
Xenotarsosaurus
0%
Zanabazar
0%
No matching quizzes found
Score Distribution
Percent of People with Each Score
Percentile by Number Answered
Your Score History
You have not taken this quiz